书目信息 |
| 题名: |
数学实验与高等应用数学学习指导
|
|
| 作者: | 何文阁 主编 | |
| 分册: | ||
| 出版信息: | 成都 电子科技大学出版社 2016.8 |
|
| 页数: | ||
| 开本: | 26cm | |
| 丛书名: | ||
| 单 册: | ||
| 中图分类: | O13-33 , O29 | |
| 科图分类: | ||
| 主题词: | 高等数学--实验--高等学校--教学参考资料 , 应用数学--高等学校--教学参考资料 | |
| 电子资源: | ||
| ISBN: | 978-7-5647-3206-6 | |
| 000 | 01054nam0 2200253 450 | |
| 001 | 0400003836 | |
| 005 | 20171022151211.0 | |
| 010 | @a978-7-5647-3206-6@dCNY42.80 | |
| 100 | @a20150820e2016 em y0chiy0110 ea | |
| 101 | 0 | @achi |
| 102 | @aCN@b510000 | |
| 105 | @ay z 000yy | |
| 106 | @ar | |
| 200 | 1 | @a数学实验与高等应用数学学习指导@9shu xue shi yan yu gao deng ying yong shu xue xue xi zhi dao@f何文阁主编 |
| 210 | @a成都@c电子科技大学出版社@d2016.8 | |
| 215 | @d26cm | |
| 330 | @a本书共九章,其中第一章为极限与连续;第二章为一元函数微分学;第三章为一元函数积分学;第四章为微分方程;第五章为向量代数与空间解析几何;第六章为多元函数微分学;第七章为重积分;第八章为曲线积分与曲面积分;第九章为无穷级数。每一章又分为若干小节,而每一小节由“重点与难点”、“典型例题”与“习题”三部分组成。 | |
| 606 | 0 | @a高等数学@x实验@x高等学校@j教学参考资料 |
| 606 | 0 | @a应用数学@x高等学校@j教学参考资料 |
| 690 | @aO13-33@v5 | |
| 690 | @aO29@v5 | |
| 701 | 0 | @a何文阁@9he wen ge@4主编 |
| 801 | 0 | @aCN@b91CIP@c20171022 |
| 905 | @b1027146-50@dO13-33@f5@e678 | |
| 数学实验与高等应用数学学习指导/何文阁主编.-成都:电子科技大学出版社,2016.8 |
| 26cm |
| ISBN 978-7-5647-3206-6:CNY42.80 |
| 本书共九章,其中第一章为极限与连续;第二章为一元函数微分学;第三章为一元函数积分学;第四章为微分方程;第五章为向量代数与空间解析几何;第六章为多元函数微分学;第七章为重积分;第八章为曲线积分与曲面积分;第九章为无穷级数。每一章又分为若干小节,而每一小节由“重点与难点”、“典型例题”与“习题”三部分组成。 |
| ● |
| 相关链接 |
|
|
|
|
正题名:数学实验与高等应用数学学习指导
索取号:O13-33/678
 
预约/预借
| 序号 | 登录号 | 条形码 | 馆藏地/架位号 | 状态 | 备注 |
| 1 | 1027146 | 210271463 | 第二样本阅览室/ [索取号:O13-33/678] | 在馆 | |
| 2 | 1027147 | 210271472 | 第三借阅区/ [索取号:O13-33/678] | 在馆 | |
| 3 | 1027148 | 210271481 | 第三借阅区/ [索取号:O13-33/678] | 在馆 | |
| 4 | 1027149 | 210271490 | 第三借阅区/ [索取号:O13-33/678] | 在馆 | |
| 5 | 1027150 | 210271506 | 密集书库-数信学院/ [索取号:O13-33/678] | 在馆 |